Online Catalogue and eLibrary

Language and gender : (Record no. 2997)

MARC details
000 -LEADER
fixed length control field 00428nam a2200169Ia 4500
005 - DATE AND TIME OF LATEST TRANSACTION
control field 20240808050744.0
008 - FIXED-LENGTH DATA ELEMENTS--GENERAL INFORMATION
fixed length control field 240331s9999 xx 000 0 und d
020 ## - INTERNATIONAL STANDARD BOOK NUMBER
ISBN 0631195955
082 ## - DDC Classification
Class No. 400.242
Item Number - Author Mark LAN
245 #0 - TITLE STATEMENT
Title Language and gender :
Remainder of title A reader
260 ## - PUBLICATION, DISTRIBUTION, ETC.
Place of publication, distribution, etc. UK
Name of publisher, distributor, etc. Blackwell publishers Ltd
Date of publication, distribution, etc. 1998
300 ## - PHYSICAL DESCRIPTION
Extent (e.g. Volumes, Pages etc.) xxi, 513 p .,
650 ## - SUBJECT ADDED ENTRY--TOPICAL TERM
Topical term or geographic name entry element Language
650 ## - SUBJECT ADDED ENTRY--TOPICAL TERM
Topical term or geographic name entry element Gender
700 ## - ADDED ENTRY--PERSONAL NAME
Personal name Coates, Jennifer,
Relator term (Role) Editor
942 ## - Koha item type (Biblio)
Koha item type Books in Stacks (Lending)
Holdings
Lost status Damaged status Collection code Home library Current library Shelving location Date acquired Full call number Accession Number Item type
    Lending WERC Library WERC Library Social Science Cupboard 03/31/2024 400.242LAN 2722 Books in Stacks (Lending)

© WERC Library